Zwierzę na Literę "M" - Statystyki

Ogólne statystyki
  • Ten quiz został rozwiązany 961 razy
  • Średni wynik to 4 z 12
Statystyki odpowiedzi
Hint Odpowiedź % Poprawnych
2. Małpa
81%
6. Mysz
67%
4. Mors
61%
3. Mrówka
54%
11. Motyl
43%
5. Mucha
40%
1. Mamut
39%
7. Mrówkojad
32%
12. Myszojeleń
12%
9. Mole
8%
10. Mangusta
6%
8. Meszka
5%
Nie znaleziono quizów pasujących do podanych kryteriów
Rozkład punktacji
Procent ludzi z każdym wynikiem
Percentyl według liczby udzielonych odpowiedzi
Twoja historia wyników
Nie rozwiązałeś tego quizu